Words Spelled Differently From How They Sound - Statistics

General Stats
  • This quiz has been taken 9 times
  • The average score is 5 of 15
Answer Stats
Hint Answer % Correct
Utensil Knife
89%
Sandwich/Deli Meat Bologna
67%
A high ranking military officer Colonel
67%
A Medieval Guard Knight
56%
Something you tie rope into Knot
56%
Natural Disaster Tsunami
56%
Drink/Alcohol Champagne
44%
"You Have the answer"The word is usually Used In I statements Know
44%
A piece of land Island
11%
A meal usually eaten at dinner Lasagna
11%
Type of coffe latte
11%
Clothing (Typically worn by women) Lingerie
11%
Can be Broken down to aSingle Letter Queue
11%
Jot Down Notes Wright
11%
Not aware Subtle
0%
No matching quizzes found
Score Distribution
Percent of People with Each Score
Percentile by Number Answered
Your Score History
You have not taken this quiz